[Event "4th Baskent University Open 2019"]
[Site "Ankara"]
[Date "2019.06.20"]
[Round "6"]
[White "Gultekin, Celal"]
[Black "Yildirim, Ibrahim Halil"]
[Result "0-1"]
[WhiteElo "1533"]
[BlackElo "1787"]
[Annotator "NA"]
[PlyCount "98"]
[EventDate "2019.06.18"]
[EventType "swiss"]
[EventCountry "TUR"]
[SourceTitle "playchess.com"]
[Source "ChessBase"]
[SourceQuality "1"]
[TimeControl "5400+30"]

1. d4 {[%emt 0:00:30]} d5 {[%emt 0:00:30]} 2. c4 {[%emt 0:00:30]} c6 {[%emt 0:00:00]} 3. Nf3 {[%emt 0:00:30]} Nf6 {[%emt 0:00:00]} 4. Nc3 {[%emt 0:00:00]} dxc4 {[%emt 0:00:30]} 5. a4 {[%emt 0:00:00]} Bf5 {[%emt 0:00:00]} 6. e3 {[%emt 0:00:30]} e6 {[%emt 0:00:00]} 7. Bxc4 {[%emt 0:00:30]} Bb4 {[%emt 0:00:30]} 8. O-O {[%emt 0:00:30]} Nbd7 {[%emt 0:00:00]} 9. Qb3 {[%emt 0:01:30]} a5 {[%emt 0:00:00]} 10. Nh4 {[%emt 0:06:30]} Be4 {[%emt 0:15:30]} 11. Nxe4 {[%emt 0:02:30]} Nxe4 {[%emt 0:00:30]} 12. Nf3 {[%emt 0:02:30]} Qe7 {[%emt 0:15:30]} 13. Qc2 {[%emt 0:04:30]} Nef6 {[%emt 0:02:30]} 14. e4 {[%emt 0:04:30]} e5 {[%emt 0:10:30]} 15. Bg5 {[%emt 0:09:30]} O-O {[%emt 0:04:30]} 16. Nh4 {[%emt 0:04:30]} exd4 {[%emt 0:10:30]} 17. Nf5 {[%emt 0:02:30]} Qxe4 {[%emt 0:13:30]} 18. Bd3 {[%emt 0:01:30]} Qd5 {[%emt 0:09:36]} 19. f4 {[%emt 0:00:30]} Ng4 {[%emt 0:07:54]} 20. Rad1 {[%emt 0:07:30]} g6 {[%emt 0:01:51]} 21. Nh6+ {[%emt 0:03:30]} Nxh6 {[%emt 0:00:30]} 22. Bxh6 {[%emt 0:00:00]} Rfe8 {[%emt 0:00:00]} 23. f5 {[%emt 0:00:00]} Ne5 {[%emt 0:00:44]} 24. fxg6 {[%emt 0:00:30]} hxg6 {[%emt 0:03:07]} 25. Qf2 {[%emt 0:05:30]} Nxd3 {[%emt 0:02:22]} 26. Qf6 {[%emt 0:00:30]} Bf8 {[%emt 0:01:08]} 27. Bxf8 {[%emt 0:00:30]} Rxf8 {[%emt 0:00:15]} 28. Rxd3 {[%emt 0:00:30]} Qe6 {[%emt 0:00:16]} 29. Qh4 {[%emt 0:01:30]} Qe5 {[%emt 0:01:44]} 30. Rh3 {[%emt 0:07:30]} Qg7 {[%emt 0:00:30]} 31. Rf6 {[%emt 0:00:00]} Rad8 {[%emt 0:00:27]} 32. Rd3 {[%emt 0:00:00]} Rfe8 {[%emt 0:00:33]} 33. Rxd4 {[%emt 0:03:30]} Rxd4 {[%emt 0:00:34]} 34. Qxd4 {[%emt 0:00:30]} Re1+ {[%emt 0:00:00]} 35. Kf2 {[%emt 0:00:30]} Re6 {[%emt 0:00:39]} 36. Qd8+ {[%emt 0:00:30]} Kh7 {[%emt 0:00:01]} 37. Rf3 {[%emt 0:00:30]} Qxb2+ {[%emt 0:00:43]} 38. Kg3 {[%emt 0:00:00]} Qe5+ {[%emt 0:00:00]} 39. Kh3 {[%emt 0:00:00]} Kg7 {[%emt 0:01:59]} 40. g4 {[%emt 0:00:30]} Re8 {[%emt 0:00:00]} 41. Qd7 {[%emt 0:00:30]} Rh8+ {[%emt 0:01:01]} 42. Kg2 {[%emt 0:00:30]} Qxh2+ {[%emt 0:00:25]} 43. Kf1 {[%emt 0:00:00]} Qh1+ {[%emt 0:00:00]} 44. Kf2 {[%emt 0:01:00]} Rh2+ {[%emt 0:00:15]} 45. Ke3 {[%emt 0:00:30]} Qe1+ {[%emt 0:00:15]} 46. Kf4 {[%emt 0:00:00]} Qd2+ {[%emt 0:00:09]} 47. Qxd2 {[%emt 0:00:00]} Rxd2 {[%emt 0:00:01]} 48. Rb3 {[%emt 0:01:30]} Rd4+ {[%emt 0:00:30]} 49. Kg3 {[%emt 0:00:00]} Rb4 {[%emt 0:00:00]} 0-1

[Event "4th Baskent University Open 2019"]
[Site "Ankara"]
[Date "2019.06.21"]
[Round "7"]
[White "Bernadskiy, Vitaliy"]
[Black "Rzayev, Askar Aliakbar"]
[Result "1-0"]
[WhiteElo "2578"]
[BlackElo "2089"]
[Annotator "TA"]
[PlyCount "109"]
[EventDate "2019.06.18"]
[EventType "swiss"]
[EventCountry "TUR"]
[SourceTitle "playchess.com"]
[Source "ChessBase"]
[SourceQuality "1"]

{[%evp 18,109,39,43,45,62,75,53,67,62,65,42,51,31,40,11,15,15,24,0,0,-27,0,0,0,0,0,0,0,0,0,0,0,0,62,53,63,70,96,57,57,57,60,-85,-54,-85,-89,-83,385,413,396,397,378,374,362,354,426,416,865,839,839,839,839,839,838,838,820,806,806,777,837,811,824,765,1134,1132,1118,1093,985,924,1728,1210,954,944,12828,12829,11893,8965,7088,7152,29979,29979,29983,29984]} 1. c4 e6 2. Nc3 d5 3. d4 Nf6 4. cxd5 exd5 5. Bg5 Be7 6. e3 Nbd7 7. Bd3 c6 8. Nf3 Nf8 9. h3 Ng6 10. Qc2 Be6 {D36: Queen's Gambit Declined: Exchange Variation: Main line (5 Bg5 c6 6 Qc2)} (10... O-O 11. Ne5 Nd7 12. Bxe7 Qxe7 13. Nf3 Nf6 14. O-O-O Be6 15. g4 Rfc8 16. Kb1 Nd7 17. Rhg1 b5 18. h4 {½-½ (75) Jankovic,A (2569)-Saric,I (2607) Sibenik 2010}) 11. O-O-O Qa5 $146 ({Predecessor:} 11... Rc8 12. Kb1 b5 13. g4 Nd7 14. Bxe7 Qxe7 15. Ng5 Ndf8 16. f4 Bd7 17. e4 f6 18. Nf3 dxe4 19. Nxe4 Be6 20. f5 Bd5 21. Rhe1 h6 22. fxg6 {1-0 (22) Biriukov,N (2307)-Bratus,P (2205) Voronezh 2008}) 12. Nd2 Nd7 {White is slightly better.} 13. Bxe7 Nxe7 14. Nb3 Qc7 15. Kb1 g6 16. h4 h5 17. f3 O-O-O 18. Rc1 Kb8 19. g4 hxg4 {[#] aiming for ...Qg3.} 20. Nb5 $1 {[%mdl 512]} Qg3 {[%mdl 64] Double Attack} (20... cxb5 21. Qxc7+) 21. Rcg1 Rxh4 22. Rxg3 Rxh1+ 23. Nc1 {Strongly threatening Nc3.} cxb5 24. Qg2 $36 {[%mdl 2048] White has good play.} Rdh8 25. fxg4 R8h2 (25... a6 $11) 26. Qf3 $14 {[%mdl 1024] White has compensation.} a6 27. Bf1 $1 {[%cal Rf1g2] And now Bg2 would win.} Rh4 28. Bh3 Rh2 $1 29. Nd3 $1 g5 30. Ne1 (30. Bg2 $14 {keeps the upper hand.}) 30... Ka7 31. Qf1 {[#]} f5 $1 {[%cal Rf5g4][%mdl 512]} 32. gxf5 R2xh3 $2 {[%mdl 8192]} (32... Nxf5 $17 {stays on course.} 33. Bxf5 Rh1) 33. fxe6 $18 Rxg3 34. exd7 Nc6 35. Nf3 Rh8 {[#] ...Rf8 is the strong threat.} 36. Ne5 $1 {[%cal Re5c6] Black must now prevent Nxc6+.} Rxe3 37. Qc1 Re2 (37... Nxe5 $142 38. dxe5 (38. Qxe3 Nxd7 39. Qxg5 Rh1+ 40. Kc2 Rh2+ 41. Kc1 Rh1+ 42. Kd2 Rh2+ 43. Kc1 Rh1+ 44. Kc2 Rh2+ 45. Kd1 Nb6 $11) 38... Rxe5) 38. Qc5+ {[%mdl 64] Double Attack} Ka8 39. Nxc6 {[%csl Gc6][%cal Rc5a7]} Rh1+ 40. Qc1 {[%mdl 64] Promotion} Rxc1+ 41. Kxc1 {[%cal Rd7d8]} bxc6 42. d8=Q+ {[%mdl 4096] Endgame KQ-KR} Kb7 43. Qxg5 Re4 44. Kc2 Re2+ 45. Kc3 a5 46. Qd8 Re3+ {[#]} 47. Kd2 $1 Re4 48. Kd3 a4 49. Qd7+ Kb6 50. Qc8 Re1 51. Qb8+ Ka6 52. Qc7 Rc1 53. Kd2 Rc4 54. b3 axb3 55. axb3 {Accuracy: White = 57%, Black = 40%.} 1-0

[Event "4th Baskent University Open 2019"]
[Site "Ankara"]
[Date "2019.06.21"]
[Round "7"]
[White "Iskandarov, Misratdin"]
[Black "Gunduz, Umut Erdem"]
[Result "1-0"]
[WhiteElo "2502"]
[BlackElo "2302"]
[Annotator "TA"]
[PlyCount "107"]
[EventDate "2019.06.18"]
[EventType "swiss"]
[EventCountry "TUR"]
[SourceTitle "playchess.com"]
[Source "ChessBase"]
[SourceQuality "1"]

{[%evp 18,107,38,37,67,62,55,62,69,67,64,45,50,29,83,74,58,0,0,-61,-58,-82,-89,-85,-104,-156,-150,-154,-166,-146,-150,-136,-156,-233,-203,-199,-71,-131,-145,-123,-117,-249,-247,-247,-252,-243,-257,-255,-254,-240,-250,-237,-231,-219,-59,-220,-220,-347,-277,-245,-233,-218,0,0,0,0,0,0,0,0,0,0,0,0,0,0,0,0,11,0,0,0,118,128,512,254,545,540,535,484,29987,29988]} 1. d4 Nf6 2. c4 c5 3. d5 e6 4. Nc3 exd5 5. cxd5 d6 6. Nf3 g6 7. Bf4 a6 8. a4 Bg7 9. h3 O-O 10. e3 Re8 {A61: Modern Benoni: Nf3 without early e4} 11. Nd2 Nbd7 12. Be2 Ne5 {White is slightly better.} 13. O-O Nfd7 14. Bh2 {f4 is the strong threat.} f5 15. Qc2 Qf6 (15... b6 $11) 16. f4 $146 ({Predecessor:} 16. Kh1 Nf7 17. Nc4 b6 18. Ra3 {1-0 (59) Chandra,A (2472)-Margvelashvili,G (2556) Rockville 2014}) 16... Nf7 17. Nc4 ({White should try} 17. e4 $14) 17... Rb8 18. Kh1 (18. a5 $11) 18... b5 $15 19. axb5 axb5 20. Na5 b4 $36 {[%mdl 2048] Black is really pushing.} ({Inferior is} 20... Rxe3 21. Nc6 $16) 21. Nd1 (21. Na4 $142) 21... Ra8 $17 22. Bb5 Ba6 23. Bxd7 Bxf1 24. Bxe8 Rxe8 25. Nb3 (25. Nc6 $17 {was necessary.}) 25... Qh4 26. Bg1 c4 (26... Qe7 $19 {is more deadly.} 27. Nd2 Bb5) 27. Nd2 (27. Na5 $142) 27... Bd3 28. Qa4 Rb8 29. Qc6 {[#]} (29. Qa7 $17 Qd8 30. Rc1) 29... c3 $1 $19 {[%mdl 512]} 30. bxc3 Qd8 $1 {White must now prevent ...Bb5.} 31. Ra7 {[#] cxb4 would now be nice for White.} Bb5 $1 {[%cal Rb5c6]} 32. Qc7 Qxc7 33. Rxc7 Be2 34. Nf2 {intending cxb4.} bxc3 35. Nf3 {[#]} Ba6 $2 (35... Kf8 $1 $19 {aiming for ...Rb4.} 36. Ne1 Rb5) 36. Ne1 $2 ({White has to play} 36. Nd4 $1 $15) 36... Rb1 37. Ned3 (37. Nf3 $142) 37... Bf6 38. Kh2 {[#]} Rb2 $1 {[%mdl 512]} 39. Rc6 (39. Nxb2 cxb2) 39... Bb7 $2 ({Black should play} 39... Bb5 $19 40. Rc7 Rd2) 40. Nxb2 $11 {And now Rc7 would win.} Bxc6 ({Of course not} 40... cxb2 $6 41. Rb6 $16) 41. dxc6 {Threatens to win with c7.} cxb2 {[%mdl 4096] Endgame KBN-KBN} 42. c7 b1=Q 43. c8=Q+ Kg7 44. Qc4 Qb7 45. Nd3 d5 46. Qc5 Be7 47. Qa5 Qc6 48. Bf2 Qc4 49. Qa7 Bf6 (49... Bd6 $11 {keeps the balance.} 50. Qa1+ Kg8 51. Qa8+ Kg7 52. Qa1+ Kg8 53. Qa8+ Kg7 54. Qa1+) 50. Nc5 $16 {Hoping for Ne6+.} g5 $2 {[%mdl 8192]} (50... d4 $16 {is a better chance.}) 51. Bg3 (51. Ne6+ $142 Kg6 52. Qa8) 51... h6 $2 (51... Qb4 52. fxg5 Bxg5 53. Qa1+ d4) 52. Ne6+ $18 Kg6 53. Qa8 {White threatens Qg8+ and mate.} Kh7 {[#]} (53... Nd8 $18 54. Nxd8 d4) 54. Qf8 $1 {[%mdl 512] Accuracy: White = 46%, Black = 44%.} 1-0

[Event "4th Baskent University Open 2019"]
[Site "Ankara"]
[Date "2019.06.21"]
[Round "7"]
[White "Nagy, Gabor"]
[Black "Odeev, Handszar"]
[Result "1-0"]
[WhiteElo "2471"]
[BlackElo "2386"]
[Annotator "TA"]
[PlyCount "61"]
[EventDate "2019.06.18"]
[EventType "swiss"]
[EventCountry "TUR"]
[SourceTitle "playchess.com"]
[Source "ChessBase"]
[SourceQuality "1"]

{[%evp 23,61,37,35,39,56,27,81,78,95,24,93,69,158,157,252,254,287,268,313,304,407,318,304,338,328,332,322,314,272,74,445,177,681,685,655,658,645,632,993,993]} 1. d4 Nf6 2. c4 g6 3. g3 Bg7 4. Bg2 O-O 5. Nf3 d6 6. O-O Nbd7 7. Nc3 e5 8. e4 exd4 9. Nxd4 Re8 10. h3 a6 11. a4 Rb8 12. Be3 Ne5 13. b3 {E68: King's Indian: Fianchetto: 6...Nbd7 7 0-0 e5 8 e4} Bd7 (13... h6 14. Ra2 Kh7 15. Rd2 Ned7 16. f3 Nc5 17. Re1 Qe7 18. Bf2 c6 19. a5 Rd8 20. Nxc6 bxc6 21. Bxc5 {1-0 (38) Nielsen,P (2697)-Berg,E (2594) Oslo 2009}) 14. Ra2 h5 (14... Nc6 $11) 15. f4 {White is better.} Nc6 16. Kh2 $146 (16. Rd2 $16) ({Predecessor:} 16. Rd2 Qc8 17. Kh2 h4 18. gxh4 Nh5 19. Nce2 Qd8 20. Ng3 Qxh4 21. Nxh5 Qxh5 22. Qxh5 gxh5 {½-½ (77) Ayas Fernandez,A (2328)-Arizmendi Martinez,J (2534) Andorra 2004}) 16... Nxd4 (16... Bg4 $11 17. Qd2 h4) 17. Bxd4 $16 c5 (17... b5 $14) 18. Bxf6 $1 Bxf6 {[#]} (18... Qxf6 $16 {was worth a try.} 19. e5 Qe7) 19. e5 $1 $18 {[%cal Re5f6][%mdl 512]} Be7 (19... dxe5 20. Rd2) 20. Rd2 (20. exd6 Bf8 $16) 20... Qa5 21. Nd5 (21. exd6 Qxc3 22. dxe7 Be6 $16) 21... Bd8 22. exd6 b5 23. axb5 axb5 {[#]} 24. b4 $1 {[%mdl 512]} Qa7 (24... cxb4 25. f5) 25. Nc7 Re3 26. bxc5 $2 ({Don't play} 26. Nxb5 $6 Rxb5 27. cxb5 cxb4 $18) ({Resist} 26. cxb5 $6 cxb4 27. Nd5 h4 $16) (26. f5 $18 {and White stays clearly on top.} Bxf5 {[#]} 27. Rxf5 $1 {[%mdl 512]} (27. Nxb5 Rxb5 28. cxb5 cxb4 $16) 27... gxf5 28. Qxh5) 26... h4 $2 {[%mdl 8192]} (26... bxc4 $16 {is tougher.} 27. c6 c3) 27. g4 $2 (27. c6) 27... Qxc5 $2 (27... bxc4 28. c6 Bxc6 29. Bxc6 Bxc7) 28. Na6 $1 {[%csl LRb8,LRc5][%mdl 64] Double Attack. White is clearly winning.} Qa7 29. Nxb8 Qxb8 30. c5 Ba5 31. Ra2 {Accuracy: White = 48%, Black = 12%.} 1-0

[Event "4th Baskent University Open 2019"]
[Site "Ankara"]
[Date "2019.06.21"]
[Round "7"]
[White "Mammadov, Zaur"]
[Black "Gulbeyaz, Emir"]
[Result "1-0"]
[WhiteElo "2428"]
[BlackElo "2157"]
[Annotator "NA RC"]
[PlyCount "67"]
[EventDate "2019.06.18"]
[EventType "swiss"]
[EventCountry "TUR"]
[SourceTitle "playchess.com"]
[Source "ChessBase"]
[SourceQuality "1"]
[TimeControl "5400+30"]

1. d4 {[%emt 0:00:30]} Nf6 {[%emt 0:02:30]} 2. Nf3 {[%emt 0:00:00]} g6 {[%emt 0:00:30]} 3. Nbd2 {[%emt 0:00:00]} d5 {[%emt 0:00:00]} 4. c4 {[%emt 0:00:30]} c6 {[%emt 0:01:00]} 5. g3 {[%emt 0:00:00]} Bg7 {[%emt 0:00:30]} 6. Bg2 {[%emt 0:00:00]} O-O {[%emt 0:00:30]} 7. O-O {[%emt 0:00:00]} a5 {[%emt 0:02:30]} 8. Re1 {[%emt 0:01:00]} a4 {[%emt 0:01:30]} 9. Ne5 {[%emt 0:03:30]} Ng4 {[%emt 0:08:30]} 10. Nef3 {[%emt 0:03:30]} c5 {[%emt 0:17:30]} 11. h3 {[%emt 0:07:30]} Nf6 {[%emt 0:15:30]} 12. dxc5 {[%emt 0:01:30]} Nbd7 {[%emt 0:00:30]} 13. cxd5 {[%emt 0:00:30]} Nxc5 {[%emt 0:00:30]} 14. e4 {[%emt 0:01:30]} Nd3 {[%emt 0:06:30]} 15. Re3 {[%emt 0:00:30]} Nxc1 {[%emt 0:00:30]} 16. Rxc1 {[%emt 0:00:30]} Bd7 {[%emt 0:02:30]} 17. Rec3 {[%emt 0:02:30]} e6 {[%emt 0:04:30]} 18. d6 {[%emt 0:13:30]} Bc6 {[%emt 0:02:30]} 19. Qe2 {[%emt 0:03:30]} Nd7 {[%emt 0:04:30]} 20. R3c2 {[%emt 0:04:30]} Qb8 {[%emt 0:05:30]} 21. Nc4 {[%emt 0:02:30]} Bb5 {[%emt 0:01:30]} 22. Qd2 {[%emt 0:04:30]} Ra6 {[%emt 0:05:48]} 23. Rd1 {[%emt 0:00:30]} Rd8 {[%emt 0:01:05]} 24. Na3 {[%emt 0:02:30]} Bc6 {[%emt 0:00:26]} 25. Nd4 {[%emt 0:01:30]} Ne5 {[%emt 0:07:50]} 26. f4 {[%emt 0:09:30]} Rxd6 {[%emt 0:03:46]} 27. fxe5 {[%emt 0:00:30]} Bxe5 {[%emt 0:00:16]} 28. Qf2 {[%emt 0:00:30]} Rd7 {[%emt 0:02:43]} 29. Rd3 {[%emt 0:00:30]} Bxd4 {[%emt 0:02:11]} 30. Rxd4 {[%emt 0:00:30]} Rxd4 {[%emt 0:00:16]} 31. Qxd4 {[%emt 0:00:30]} Qxg3 {[%emt 0:00:00]} 32. Qd8+ {[%emt 0:00:00]} Kg7 {[%emt 0:00:00]} 33. Rf2 {[%emt 0:00:00]} Bxe4 {[%emt 0:01:03]} 34. Qd4+ {[%emt 0:00:00]} 1-0

[Event "4th Baskent University Open 2019"]
[Site "Ankara"]
[Date "2019.06.21"]
[Round "7"]
[White "Can, Isik"]
[Black "Annaberdiev, Meilis"]
[Result "1/2-1/2"]
[WhiteElo "2379"]
[BlackElo "2532"]
[Annotator "TA"]
[PlyCount "60"]
[EventDate "2019.06.18"]
[EventType "swiss"]
[EventCountry "TUR"]
[SourceTitle "playchess.com"]
[Source "ChessBase"]
[SourceQuality "1"]

{[%evp 19,60,0,7,0,0,0,0,0,0,0,0,0,0,0,26,0,0,6,35,45,25,25,38,26,79,37,56,49,56,46,58,56,50,43,43,39,80,34,34,16,17,22,31]} 1. e4 g6 2. d4 Bg7 3. Nc3 d6 4. f4 Nf6 5. Nf3 O-O 6. Bd3 Nc6 7. O-O e5 8. fxe5 dxe5 9. d5 Ne7 10. Nxe5 c6 $1 {[%cal Rc6d5]} 11. Bg5 {B09: Pirc Defence: Austrian Attack} cxd5 12. Bxf6 Qb6+ {[%mdl 64] [#] Double Attack} 13. Kh1 Bxf6 14. Nxd5 Nxd5 15. Nc4 Qd8 16. exd5 b5 17. Na5 {[#]} Bxb2 $146 ({Predecessor:} 17... Bh4 18. Qd2 Qxd5 {½-½ (31) Hector,J (2540)-Hansen,C (2630) Copenhagen 1995}) 18. Nc6 $36 {[%mdl 2048] White is pushing.} Qg5 19. Rb1 Ba3 20. Qf3 {aiming for Bxg6!} ({Don't do} 20. Bxb5 Bd6 $16) 20... Bd6 $1 21. Rxb5 f6 (21... a6 $11 22. Ra5 f6) 22. Ne7+ Kh8 {And now ...Qe5 would win.} ({Not} 22... Bxe7 $2 {[#]} 23. d6 $1 $18 {[%mdl 512]}) 23. Nxc8 Raxc8 24. Rb7 Rc7 25. Rxc7 Bxc7 26. g3 Qe5 27. Qe4 Kg7 28. c4 {Threatens to win with c5.} Qc3 29. Be2 Bd6 30. Rb1 Rf7 {Accuracy: White = 61%, Black = 73%.} 1/2-1/2

[Event "4th Baskent University Open 2019"]
[Site "Ankara"]
[Date "2019.06.21"]
[Round "7"]
[White "Simantsev, Mikhail"]
[Black "Gulsoy, Mustafa Alpago"]
[Result "1-0"]
[WhiteElo "2371"]
[BlackElo "2055"]
[Annotator "NA RC"]
[PlyCount "59"]
[EventDate "2019.06.18"]
[EventType "swiss"]
[EventCountry "TUR"]
[SourceTitle "playchess.com"]
[Source "ChessBase"]
[SourceQuality "1"]
[TimeControl "5400+30"]

1. d4 {[%emt 0:07:30]} d6 {[%emt 0:00:30]} 2. Nf3 {[%emt 0:01:30]} g6 {[%emt 0:00:00]} 3. c4 {[%emt 0:00:00]} Bg7 {[%emt 0:00:00]} 4. Nc3 {[%emt 0:01:00]} Nc6 {[%emt 0:00:00]} 5. e4 {[%emt 0:02:30]} e5 {[%emt 0:00:00]} 6. Bg5 {[%emt 0:02:30]} f6 {[%emt 0:00:30]} 7. Be3 {[%emt 0:00:00]} Nh6 {[%emt 0:00:30]} 8. h3 {[%emt 0:00:00]} O-O {[%emt 0:07:30]} 9. d5 {[%emt 0:13:30]} Ne7 {[%emt 0:01:30]} 10. Qd2 {[%emt 0:00:30]} Nf7 {[%emt 0:00:30]} 11. Bd3 {[%emt 0:29:30]} f5 {[%emt 0:07:30]} 12. g3 {[%emt 0:00:30]} fxe4 {[%emt 0:00:30]} 13. Nxe4 {[%emt 0:01:30]} Nf5 {[%emt 0:01:30]} 14. g4 {[%emt 0:00:00]} Nxe3 {[%emt 0:05:30]} 15. fxe3 {[%emt 0:08:00]} Bh6 {[%emt 0:01:30]} 16. O-O-O {[%emt 0:00:30]} Bd7 {[%emt 0:00:30]} 17. Rdg1 {[%emt 0:00:30]} c6 {[%emt 0:05:30]} 18. g5 {[%emt 0:01:30]} Bg7 {[%emt 0:00:00]} 19. h4 {[%emt 0:00:00]} b5 {[%emt 0:06:00]} 20. h5 {[%emt 0:01:00]} Nh8 {[%emt 0:02:30]} 21. Nh4 {[%emt 0:07:30]} cxd5 {[%emt 0:09:30]} 22. cxd5 {[%emt 0:00:00]} Rf7 {[%emt 0:00:30]} 23. hxg6 {[%emt 0:02:45]} hxg6 {[%emt 0:02:30]} 24. Kb1 {[%emt 0:00:02]} Bf5 {[%emt 0:03:30]} 25. Nxf5 {[%emt 0:02:10]} gxf5 {[%emt 0:00:30]} 26. Nf6+ {[%emt 0:00:08]} Rxf6 {[%emt 0:00:30]} 27. gxf6 {[%emt 0:00:34]} Qxf6 {[%emt 0:00:30]} 28. Qh2 {[%emt 0:02:54]} Ng6 {[%emt 0:06:30]} 29. Qh7+ {[%emt 0:00:43]} Kf7 {[%emt 0:00:30]} 30. Rh6 {[%emt 0:00:00]} 1-0

[Event "4th Baskent University Open 2019"]
[Site "Ankara"]
[Date "2019.06.21"]
[Round "7"]
[White "Arat, Ufuk Sezen"]
[Black "Bagaturov, Giorgi"]
[Result "1/2-1/2"]
[WhiteElo "2368"]
[BlackElo "2422"]
[Annotator "RC"]
[PlyCount "125"]
[EventDate "2019.06.18"]
[EventType "swiss"]
[EventCountry "TUR"]
[SourceTitle "playchess.com"]
[Source "ChessBase"]
[SourceQuality "1"]
[TimeControl "5400+30"]

1. d4 {[%emt 0:08:30]} Nf6 {[%emt 0:00:30]} 2. Nf3 {[%emt 0:00:30]} e6 {[%emt 0:02:30]} 3. e3 {[%emt 0:00:00]} b6 {[%emt 0:01:30]} 4. Bd3 {[%emt 0:00:00]} Bb7 {[%emt 0:00:30]} 5. Nbd2 {[%emt 0:00:30]} c5 {[%emt 0:01:30]} 6. c3 {[%emt 0:00:00]} Nc6 {[%emt 0:01:30]} 7. O-O {[%emt 0:08:00]} Qc7 {[%emt 0:08:30]} 8. a3 {[%emt 0:06:30]} d5 {[%emt 0:05:30]} 9. Re1 {[%emt 0:09:30]} Be7 {[%emt 0:11:30]} 10. dxc5 {[%emt 0:03:30]} Bxc5 {[%emt 0:01:30]} 11. h3 {[%emt 0:09:30]} Rd8 {[%emt 0:12:30]} 12. Qe2 {[%emt 0:03:30]} O-O {[%emt 0:03:30]} 13. e4 {[%emt 0:03:30]} Nh5 {[%emt 0:06:30]} 14. Nf1 {[%emt 0:10:30]} Ne5 {[%emt 0:10:30]} 15. Bc2 {[%emt 0:04:30]} dxe4 {[%emt 0:01:30]} 16. Bxe4 {[%emt 0:14:00]} Bxe4 {[%emt 0:02:30]} 17. Qxe4 {[%emt 0:01:04]} Nd3 {[%emt 0:06:30]} 18. Re2 {[%emt 0:00:06]} Nxc1 {[%emt 0:09:24]} 19. Rxc1 {[%emt 0:00:06]} Nf4 {[%emt 0:00:27]} 20. Rec2 {[%emt 0:04:08]} f5 {[%emt 0:01:09]} 21. Qe5 {[%emt 0:03:05]} Bd6 {[%emt 0:03:24]} 22. Qb5 {[%emt 0:00:09]} Qb7 {[%emt 0:01:00]} 23. Rd2 {[%emt 0:04:28]} Nxh3+ {[%emt 0:03:29]} 24. gxh3 {[%emt 0:02:06]} Qxf3 {[%emt 0:00:30]} 25. Rcd1 {[%emt 0:00:00]} Bc5 {[%emt 0:00:06]} 26. Qc4 {[%emt 0:02:07]} Bxf2+ {[%emt 0:02:05]} 27. Kh2 {[%emt 0:00:02]} Bh4 {[%emt 0:01:14]} 28. Qxe6+ {[%emt 0:02:17]} Kh8 {[%emt 0:00:04]} 29. Rxd8 {[%emt 0:00:18]} Bxd8 {[%emt 0:00:05]} 30. Qd5 {[%emt 0:01:59]} Bc7+ {[%emt 0:01:03]} 31. Kg1 {[%emt 0:00:01]} Qxh3 {[%emt 0:00:02]} 32. Qg2 {[%emt 0:00:19]} Qh6 {[%emt 0:01:00]} 33. Rd7 {[%emt 0:00:02]} Bd6 {[%emt 0:00:23]} 34. b4 {[%emt 0:00:33]} Be5 {[%emt 0:01:00]} 35. c4 {[%emt 0:00:59]} Qf6 {[%emt 0:00:38]} 36. Rxa7 {[%emt 0:00:55]} Bd4+ {[%emt 0:00:42]} 37. Kh1 {[%emt 0:00:10]} Qh6+ {[%emt 0:00:28]} 38. Nh2 {[%emt 0:00:26]} Qc1+ {[%emt 0:00:32]} 39. Qf1 {[%emt 0:00:20]} Qe3 {[%emt 0:00:48]} 40. Qg2 {[%emt 0:01:01]} h6 {[%emt 0:00:42]} 41. Nf1 {[%emt 0:00:28]} Qc1 {[%emt 0:00:54]} 42. Ra8 {[%emt 0:00:03]} Rxa8 {[%emt 0:00:21]} 43. Qxa8+ {[%emt 0:00:30]} Kh7 {[%emt 0:00:30]} 44. Qf3 {[%emt 0:00:00]} Qb1 {[%emt 0:00:15]} 45. Kg2 {[%emt 0:00:36]} Qc2+ {[%emt 0:00:20]} 46. Kh1 {[%emt 0:00:20]} Qf2 {[%emt 0:00:51]} 47. Qxf2 {[%emt 0:01:16]} Bxf2 {[%emt 0:00:04]} 48. Kg2 {[%emt 0:00:32]} Bd4 {[%emt 0:00:07]} 49. Ng3 {[%emt 0:00:38]} Kg6 {[%emt 0:00:21]} 50. Ne2 {[%emt 0:00:14]} Bb2 {[%emt 0:00:20]} 51. a4 {[%emt 0:00:50]} Be5 {[%emt 0:00:40]} 52. Kf3 {[%emt 0:00:55]} Kf6 {[%emt 0:00:05]} 53. a5 {[%emt 0:00:41]} bxa5 {[%emt 0:00:30]} 54. bxa5 {[%emt 0:00:00]} Bc7 {[%emt 0:00:18]} 55. a6 {[%emt 0:00:00]} Bb6 {[%emt 0:00:03]} 56. Nf4 {[%emt 0:00:47]} Ba7 {[%emt 0:00:59]} 57. Nd5+ {[%emt 0:00:19]} Ke5 {[%emt 0:01:14]} 58. Ne7 {[%emt 0:00:09]} Bc5 {[%emt 0:00:40]} 59. Nc6+ {[%emt 0:00:50]} Kd6 {[%emt 0:00:30]} 60. a7 {[%emt 0:00:00]} Bxa7 {[%emt 0:00:18]} 61. Nxa7 {[%emt 0:00:06]} g5 {[%emt 0:00:30]} 62. Nc8+ {[%emt 0:00:00]} Kc5 {[%emt 0:00:21]} 63. Ne7 {[%emt 0:00:25]} 1/2-1/2

[Event "4th Baskent University Open 2019"]
[Site "Ankara"]
[Date "2019.06.21"]
[Round "7"]
[White "Koksal, Ege"]
[Black "Maghalashvili, Davit"]
[Result "1/2-1/2"]
[WhiteElo "2363"]
[BlackElo "2500"]
[Annotator "TA"]
[PlyCount "38"]
[EventDate "2019.06.18"]
[EventType "swiss"]
[EventCountry "TUR"]
[SourceTitle "playchess.com"]
[Source "ChessBase"]
[SourceQuality "1"]

{[%evp 13,14,19,21]} 1. d4 d5 2. c4 e6 3. Nf3 Nf6 4. g3 Be7 5. Bg2 O-O 6. O-O dxc4 7. Ne5 Nc6 {Predecessor:} 8. Bxc6 $146 bxc6 9. Nxc6 Qe8 10. Nxe7+ Qxe7 11. Qa4 e5 12. dxe5 Qxe5 13. Re1 Be6 14. Nc3 Ne4 15. Qc2 Nxc3 16. Qxc3 Qxc3 17. bxc3 Rab8 18. f3 Rfd8 19. Bf4 Rb2 {½-½ (32) Nakamura,H (2746)-So,W (2762) Saint Louis 2019} 1/2-1/2